000 02580cam a22006614i 4500
003 PE-LiUPU
005 20250731170456.0
008 150706s2012 sp a rb 000 0 spa d
020 _a9788420609171
035 _a(Sirsi) i9788420609171
040 _aPE-LiUPU
_bspa
_cPE-LiUPU
_erda
049 _aPRUA
082 0 4 _a152.41
_bB23
_221
100 1 _aBaron-Cohen, Simon,
_eautor.
245 1 0 _aEmpatía cero :
_bnueva teoría de la crueldad /
_cSimon Baron-Cohen.
264 1 _aMadrid :
_bAlianza editorial,
_c2012.
300 _a229 páginas :
_bilustraciones ;
_c23 centímetros
336 _atext
_2rdacontent
337 _aunmediated
_2rdamedia
338 _avolume
_2rdacarrier
500 _aTítulo original: Zero degrees of empathy .
504 _aIncluye bibliografía.
505 0 _aUna explicación sobre la "maldad" y la crueldad del ser humano -- El mecanismo de la empatía: la curva de la campana -- Cuando tener cero grados de empatía es negativo -- Cuando cero grados de empatía es positivo -- El gen de la empatía -- Reflexiones sobre la crueldad del ser humano.
526 _aSEG68
526 _aSEG70
526 _aSEG69
526 _aSEG67
526 _aSEG43
526 _aP144
526 _aP143
526 _aP131
526 _aP122
526 _aP120
526 _aP117
526 _aP112
526 _aP110
526 _aP106
526 _aP101
526 _aP80
526 _aP59
526 _aP54
526 _aP35
526 _aP33
526 _aP30
541 _g001-0037437;
541 _g001-0037437;
650 0 4 _aEmpatía.
650 0 4 _aCrueldad.
700 1 _aSantoyo, Emma,
_etr.
910 _agl
_clch
_d20130711
942 _2ddc
_cBOOK
949 _a152.41 B23
_wDEWEY
_c1
_i67769
_lCCODEBUL1
_mBUL
_p40.00
_r0
_sY
_tBOOK
_u2015-7-6
_xSALUD
_PP33
_o.STAFF. Colección General
949 _a152.41 B23
_wDEWEY
_c2
_i67770
_lCCODEBUL1
_mBUL
_p40.00
_r0
_sY
_tBOOK
_u2015-7-6
_xSALUD
_PP33
_o.STAFF. Colección General
994 _aC0
_bPEPRU
596 _a1
999 _a152.41 B23
_wDEWEY
_c55311
_i67769
_d55311
_e2018-6-19
_f2021-11-3
_g5
_lCCODEBUL1
_mBUL
_n5
_p40.00
_q6
_r0
_sY
_tBOOK
_u2015-7-6
_xSALUD
_PP33
_0COMPRA
_o.STAFF. Colección Ciencias de la Salud
999 _a152.41 B23
_wDEWEY
_c2
_i67770
_d2019-10-15
_e2019-10-11
_f2021-11-3
_g5
_lCCODEBUL1
_mBUL
_n3
_p40.00
_q1
_r0
_sY
_tBOOK
_u2015-7-6
_xSALUD
_PP33
_0COMPRA
_o.STAFF. Colección Ciencias de la Salud
980 _81
_gALBERTO SANCHEZ Responsable de Automatización